[Event "ChFraFemininRapide2018"]
[Site "?"]
[Date "2018.06.09"]
[Round "1.1"]
[White "Guichard, Pauline"]
[Black "Boursier, Claire"]
[Result "1-0"]
[WhiteElo "2371"]
[BlackElo "1770"]
[PlyCount "64"]
[EventDate "2018.??.??"]

1. Nf3 d5 2. c4 e6 3. e3 a6 4. b3 Nf6 5. Bb2 Be7 6. Be2 Nbd7 7. O-O O-O 8. Qc2
c6 9. d3 Re8 10. Nbd2 c5 11. Rfd1 Qc7 12. cxd5 exd5 13. Rac1 b6 14. d4 Bb7 15.
dxc5 bxc5 16. h3 Rac8 17. Nd4 g6 18. N4f3 Qd6 19. Nc4 Qc7 20. Nce5 Bf8 21. Nxd7
Nxd7 22. Qc3 f6 23. b4 c4 24. a3 Bg7 25. Qd4 Ne5 26. Qh4 Re7 27. Nxe5 fxe5 28.
e4 Rd7 29. Bg4 Rf8 30. Bxd7 Qxd7 31. Rxc4 d4 32. f3 Qa4 1-0

[Event "ChFraFemininRapide2018"]
[Site "?"]
[Date "2018.06.09"]
[Round "1.2"]
[White "Swiercz, Sarah"]
[Black "Dornbusch, Tatiana"]
[Result "1-0"]
[WhiteElo "1760"]
[BlackElo "2304"]
[PlyCount "96"]
[EventDate "2018.??.??"]

1. e4 Nf6 2. Nc3 d5 3. e5 d4 4. exf6 dxc3 5. fxg7 cxd2+ 6. Qxd2 Qxd2+ 7. Bxd2
Bxg7 8. O-O-O O-O 9. Bc4 Nc6 10. Bf4 e5 11. Bg5 Bf5 12. Ne2 h6 13. Bh4 Nd4 14.
Ng3 Bg6 15. Bd3 Bxd3 16. Rxd3 f5 17. Re1 Rf7 18. Nh5 Bh8 19. c3 Ne6 20. Red1
Raf8 21. Rd7 Rxd7 22. Rxd7 Rf7 23. Rxf7 Kxf7 24. Kd2 Kg6 25. Ng3 Nf4 26. Bd8 c6
27. h4 h5 28. Nf1 Nxg2 29. Ne3 Nxe3 30. Kxe3 Bf6 31. Bxf6 Kxf6 32. f3 Ke6 33.
c4 a5 34. a3 Kd6 35. b4 axb4 36. axb4 b5 37. Kd3 Kc7 38. c5 Kd7 39. Ke3 Ke6 40.
f4 exf4+ 41. Kxf4 Kf6 42. Kf3 Ke5 43. Ke3 f4+ 44. Kf3 Kf5 45. Ke2 Kg4 46. Kf2
Kxh4 47. Kf3 Kg5 48. Kg2 Kg4 1-0

[Event "ChFraFemininRapide2018"]
[Site "?"]
[Date "2018.06.09"]
[Round "1.3"]
[White "Collas, Silvia"]
[Black "Batt, Meloe"]
[Result "1-0"]
[WhiteElo "2290"]
[BlackElo "1750"]
[PlyCount "41"]
[EventDate "2018.??.??"]

1. d4 d5 2. Bf4 c6 3. e3 Nf6 4. Bd3 e6 5. Nf3 Bd6 6. Bg3 O-O 7. O-O Re8 8. Nbd2
Bc7 9. Qe2 Nbd7 10. Ne5 Nxe5 11. dxe5 Nd7 12. f4 f6 13. Bh4 Bb6 14. Rf3 Rf8 15.
Rh3 Qc7 16. Qh5 f5 17. Be7 h6 18. Bd6 Qd8 19. Rg3 Rf7 20. Re1 Nc5 21. Qxh6 1-0

[Event "ChFraFemininRapide2018"]
[Site "?"]
[Date "2018.06.10"]
[Round "2.1"]
[White "Rollot, Florence"]
[Black "Guichard, Pauline"]
[Result "1-0"]
[WhiteElo "2016"]
[BlackElo "2371"]
[PlyCount "127"]
[EventDate "2018.??.??"]

1. Nf3 d6 2. c4 g6 3. g3 Bg7 4. Bg2 Nf6 5. O-O O-O 6. Nc3 c6 7. d4 Qa5 8. Bg5
Bg4 9. d5 Nbd7 10. Qb3 Rab8 11. h3 Bxf3 12. Bxf3 cxd5 13. Nxd5 Nxd5 14. cxd5
Rfe8 15. Be3 Rec8 16. Rac1 Nc5 17. Bxc5 Rxc5 18. Rxc5 Qxc5 19. e3 b5 20. Be2
Bf6 21. Rd1 a5 22. a4 b4 23. Ba6 h5 24. Kg2 Kg7 25. Rd2 Qb6 26. Bb5 Rc8 27. Rc2
Rc5 28. Qd3 Qc7 29. Rxc5 Qxc5 30. b3 Qc1 31. Qc4 Qb2 32. Qd3 h4 33. g4 Be5 34.
Bc4 Bf6 35. Qe2 Qb1 36. Qd3 Qa1 37. Qe2 Bc3 38. Qf3 Qb1 39. Qe2 Qc1 40. Qf3 Be5
41. Qe2 Kg8 42. Qf3 Qb1 43. Qe2 Ba1 44. Qf3 Kg7 45. Qe2 Qe4+ 46. Qf3 Qe5 47.
Qe2 f6 48. Qf3 Kf7 49. Qe2 Ke8 50. Bb5+ Kf8 51. Bc4 Qc3 52. Qd3 Kf7 53. Qe2 Qc1
54. Qf3 Be5 55. Qe2 Qb1 56. Qd3 Qa1 57. Qe4 Qb2 58. Qd3 Kg7 59. Qe4 Qc1 60. Bd3
f5 61. gxf5 Qc5 62. f6+ Bxf6 63. Qxg6+ Kf8 64. Qe4 1-0

[Event "ChFraFemininRapide2018"]
[Site "?"]
[Date "2018.06.10"]
[Round "2.2"]
[White "Dornbusch, Tatiana"]
[Black "Forgues, Valerie"]
[Result "1-0"]
[WhiteElo "2304"]
[BlackElo "2000"]
[PlyCount "93"]
[EventDate "2018.??.??"]

1. d4 Nf6 2. Nf3 e6 3. c4 Bb4+ 4. Nbd2 O-O 5. a3 Be7 6. e4 d5 7. e5 Nfd7 8.
cxd5 exd5 9. Bd3 c5 10. Qc2 h6 11. O-O cxd4 12. Nb3 Nc6 13. Bf4 Re8 14. Rac1
Qb6 15. Rfd1 Nf8 16. Nbxd4 Nxd4 17. Nxd4 Ne6 18. Be3 Bc5 19. Nxe6 Bxe3 20. Nc7
Bxc1 21. Nxa8 Qxb2 22. Rxc1 Qxc2 23. Rxc2 Bd7 24. Nc7 Rxe5 25. Re2 Rxe2 26.
Bxe2 Kf8 27. Nxd5 Bc6 28. Bc4 Ke8 29. Ne3 g6 30. Kf1 f5 31. Bd5 Kd7 32. Bf7 f4
33. Ng4 Bb5+ 34. Ke1 g5 35. Nxh6 Kd6 36. Bb3 Kc5 37. Kd2 Kd4 38. f3 Bf1 39. Nf7
Bxg2 40. Nxg5 Bf1 41. h4 Ke5 42. Bc2 Bb5 43. Be4 b6 44. Kc3 Kf6 45. Kd4 Kg7 46.
Ne6+ Kh6 47. Nxf4 1-0

[Event "ChFraFemininRapide2018"]
[Site "?"]
[Date "2018.06.10"]
[Round "2.3"]
[White "Genzling, Sylvie"]
[Black "Collas, Silvia"]
[Result "0-1"]
[WhiteElo "1934"]
[BlackElo "2290"]
[PlyCount "42"]
[EventDate "2018.??.??"]

1. e4 d6 2. d4 Nf6 3. Nc3 e5 4. Nf3 Nbd7 5. Bc4 Be7 6. O-O O-O 7. a4 a6 8. a5
exd4 9. Nxd4 Ne5 10. Bb3 c5 11. Nde2 c4 12. Ba4 Qxa5 13. h3 b5 14. Nd5 Nxd5 15.
Qxd5 Be6 16. Qd4 bxa4 17. Bd2 Qc7 18. Rxa4 Bxh3 19. f4 Bg4 20. Ng3 Qc6 21. Ra5
Bd8 0-1

[Event "ChFraFemininRapide2018"]
[Site "?"]
[Date "2018.06.10"]
[Round "2.4"]
[White "Maisuradze, Nino"]
[Black "Guillaume, Ombeline"]
[Result "1-0"]
[WhiteElo "2256"]
[BlackElo "1870"]
[PlyCount "77"]
[EventDate "2018.??.??"]

1. d4 d5 2. c4 c6 3. Nc3 Nf6 4. cxd5 cxd5 5. Bf4 e6 6. e3 Be7 7. Bd3 O-O 8. Rc1
b6 9. Qe2 Bd6 10. Bxd6 Qxd6 11. a3 a6 12. f4 Bb7 13. Qf3 Nbd7 14. Nge2 Rac8 15.
O-O Rfe8 16. g4 Ne4 17. Nxe4 dxe4 18. Bxe4 Bxe4 19. Qxe4 Nf6 20. Qf3 g6 21. g5
Nh5 22. Qb7 Rxc1 23. Rxc1 Qd5 24. Qxd5 exd5 25. Kf2 Re6 26. Rc8+ Kg7 27. Rd8 f5
28. Rxd5 Kf7 29. Rd7+ Re7 30. Rd8 Ng7 31. Rh8 Ke6 32. Rxh7 Ne8 33. Rxe7+ Kxe7
34. h4 Ng7 35. Nc3 Kd6 36. Ke2 b5 37. Kd3 Nh5 38. b4 Ng3 39. e4 1-0

[Event "ChFraFemininRapide2018"]
[Site "?"]
[Date "2018.06.09"]
[Round "3.2"]
[White "Collas, Silvia"]
[Black "Leconte, Maria"]
[Result "0-1"]
[WhiteElo "2290"]
[BlackElo "2173"]
[PlyCount "68"]
[EventDate "2018.??.??"]

1. d4 e6 2. Bf4 f5 3. g4 fxg4 4. h3 g3 5. Bxg3 Nf6 6. Bg2 c5 7. e4 Qa5+ 8. c3
cxd4 9. e5 Nd5 10. Qxd4 Be7 11. Nd2 O-O 12. Nc4 Qc5 13. Qg4 b5 14. Nd6 Bxd6 15.
exd6 Nc6 16. Ne2 Nf6 17. Qh4 Bb7 18. O-O Nd8 19. b4 Qb6 20. a4 Bxg2 21. Kxg2
bxa4 22. Kh2 Rc8 23. Rxa4 Qb5 24. Ra2 Rc4 25. Nd4 Rxd4 26. cxd4 Qxf1 27. Rxa7
Nf7 28. Qf4 Nd5 29. Qd2 Nxd6 30. Rxd7 Ne4 31. Qc2 Nxg3 32. Kxg3 Qg1+ 33. Kh4
Rf4+ 34. Kh5 Nf6# 0-1

[Event "ChFraFemininRapide2018"]
[Site "?"]
[Date "2018.06.09"]
[Round "3.3"]
[White "Navrotescu, Andreea"]
[Black "Maisuradze, Nino"]
[Result "0-1"]
[WhiteElo "2153"]
[BlackElo "2256"]
[PlyCount "48"]
[EventDate "2018.??.??"]

1. Nf3 c5 2. c4 Nc6 3. Nc3 g6 4. e3 Nf6 5. d4 cxd4 6. exd4 d5 7. cxd5 Nxd5 8.
Bc4 Nb6 9. Bb3 Bg7 10. d5 Na5 11. O-O Nxb3 12. Qxb3 O-O 13. h3 Bf5 14. Rd1 Rc8
15. Bg5 h6 16. Bh4 g5 17. Bg3 Nc4 18. Rac1 Nd6 19. Nd4 Bg6 20. Ncb5 Ne4 21. Bc7
Qd7 22. f3 a6 23. fxe4 axb5 24. Qxb5 Bxd4+ 0-1

[Event "ChFraFemininRapide2018"]
[Site "?"]
[Date "2018.06.09"]
[Round "3.4"]
[White "Fruteau, Sabine"]
[Black "Soubirou, Oriane"]
[Result "0-1"]
[WhiteElo "2250"]
[BlackElo "2066"]
[PlyCount "51"]
[EventDate "2018.??.??"]

1. e4 a6 2. d4 e6 3. Nf3 b5 4. Bd3 Bb7 5. O-O Nf6 6. Nbd2 d5 7. exd5 Qxd5 8. c4
Qh5 9. Qe2 Bd6 10. cxb5 O-O 11. bxa6 Nxa6 12. Ne5 Nb4 13. Qxh5 Nxh5 14. Bb1 Nf4
15. Nef3 Ne2+ 16. Kh1 Bf4 17. Be4 Bxe4 18. Nxe4 Nxc1 19. g3 Bh6 20. a3 Nb3 21.
Rad1 Nd5 22. Ne5 Rfb8 23. Rd3 Na5 24. b4 Nb7 25. f4 g6 26. Rc1 0-1

[Event "ChFraFemininRapide2018"]
[Site "?"]
[Date "2018.06.09"]
[Round "4.1"]
[White "Dornbusch, Tatiana"]
[Black "Haussernot, Cecile"]
[Result "0-1"]
[WhiteElo "2304"]
[BlackElo "2237"]
[PlyCount "76"]
[EventDate "2018.??.??"]

1. d4 Nf6 2. Nf3 e6 3. c4 c6 4. Nc3 d5 5. e3 Nbd7 6. Bd3 Bd6 7. O-O O-O 8. e4
dxc4 9. Bxc4 e5 10. dxe5 Nxe5 11. Nxe5 Bxe5 12. Qxd8 Rxd8 13. f3 b5 14. Bb3 b4
15. Na4 Bd4+ 16. Kh1 Ba6 17. Rd1 c5 18. Bf4 Bb5 19. Rab1 Rac8 20. h3 h6 21. Bh2
c4 22. Bc2 Be3 23. Rxd8+ Rxd8 24. Rd1 Rxd1+ 25. Bxd1 Bd2 26. Bd6 Nd7 27. a3 a5
28. axb4 axb4 29. Nc5 Nb6 30. Bc7 Nc8 31. Ba4 Na7 32. Bb6 Bxa4 33. Nxa4 Nb5 34.
Ba5 c3 35. bxc3 bxc3 36. Nc5 Be3 37. Nb3 c2 38. g3 Nd4 0-1

[Event "ChFraFemininRapide2018"]
[Site "?"]
[Date "2018.06.09"]
[Round "4.2"]
[White "Maisuradze, Nino"]
[Black "Leconte, Maria"]
[Result "1-0"]
[WhiteElo "2256"]
[BlackElo "2173"]
[PlyCount "83"]
[EventDate "2018.??.??"]

1. d4 e6 2. c4 f5 3. Nc3 Nf6 4. e3 Be7 5. Bd3 O-O 6. Nge2 d6 7. Qc2 Qd7 8. e4
fxe4 9. Nxe4 Nc6 10. Nxf6+ Rxf6 11. Bxh7+ Kh8 12. Bg5 Rf7 13. Be3 e5 14. d5 Nb4
15. Qe4 Qg4 16. a3 Na6 17. b4 g6 18. Bxg6 Rg7 19. Qxg4 Bxg4 20. Be4 Rf8 21. Bh6
Bh4 22. Bxg7+ Kxg7 23. Ng3 Rf4 24. f3 Bd7 25. O-O Kh6 26. Rae1 c6 27. dxc6 bxc6
28. Rd1 Be7 29. Ne2 Rf6 30. Nc3 Nc7 31. a4 Ne6 32. b5 cxb5 33. Nd5 Rf7 34. Nxe7
Rxe7 35. Rxd6 bxa4 36. Rfd1 Be8 37. Bd5 Bf7 38. Re1 a3 39. c5 Kg7 40. Rxe5 Nc7
41. Rxe7 Nxd5 42. Rxd5 1-0

[Event "ChFraFemininRapide2018"]
[Site "?"]
[Date "2018.06.09"]
[Round "4.3"]
[White "Soubirou, Oriane"]
[Black "Collas, Silvia"]
[Result "0-1"]
[WhiteElo "2066"]
[BlackElo "2290"]
[PlyCount "86"]
[EventDate "2018.??.??"]

1. e4 d6 2. d4 Nf6 3. Nc3 e5 4. dxe5 dxe5 5. Qxd8+ Kxd8 6. Bg5 c6 7. Bc4 Be6 8.
Bxe6 fxe6 9. Nf3 Nbd7 10. O-O-O Kc7 11. Bxf6 gxf6 12. a3 Rg8 13. g3 b5 14. Nd2
a5 15. Ne2 h5 16. Kb1 a4 17. f4 h4 18. f5 Nc5 19. c4 Bh6 20. cxb5 cxb5 21. Nf3
Nxe4 22. fxe6 Rad8 23. Rxd8 Rxd8 24. Nxh4 Rd2 25. Nc1 Nd6 26. Nf3 Rf2 27. Nh4
Nc4 28. Nd3 Rd2 29. Nf5 Rxd3 30. Nxh6 Rd2 31. Ng4 f5 32. Nh6 Rxb2+ 33. Ka1 Rf2
34. Rd1 Nd2 35. h4 Kd6 36. Nxf5+ Kxe6 37. Ne3 Ne4 38. Rc1 Nxg3 39. Rc6+ Kd7 40.
Rc5 Ne4 41. Rd5+ Kc6 42. Rxe5 Nc3 43. Re6+ Kd7 0-1

[Event "ChFraFemininRapide2018"]
[Site "?"]
[Date "2018.06.09"]
[Round "4.4"]
[White "Moldovean, Ioana"]
[Black "Guichard, Pauline"]
[Result "0-1"]
[WhiteElo "1840"]
[BlackElo "2371"]
[PlyCount "60"]
[EventDate "2018.??.??"]

1. d4 g6 2. c4 Bg7 3. Nc3 d6 4. e4 e5 5. dxe5 dxe5 6. Qxd8+ Kxd8 7. Be3 f6 8.
O-O-O+ Nd7 9. Be2 Bh6 10. Bxh6 Nxh6 11. Nd5 Rf8 12. Nh3 c6 13. Nc3 Kc7 14. f3
a5 15. Nf2 Nc5 16. Rd2 Nf7 17. Rhd1 Ng5 18. Bd3 Nge6 19. Ne2 h5 20. Bc2 b6 21.
b3 Na6 22. Kb2 a4 23. Nd3 Nac5 24. Nxc5 bxc5 25. Nc3 axb3 26. axb3 Nd4 27. Na4
Ra5 28. Kc3 Be6 29. Rb1 Rb8 30. Bd1 Rxa4 0-1

[Event "ChFraFemininRapide2018"]
[Site "?"]
[Date "2018.06.09"]
[Round "5.1"]
[White "Haussernot, Cecile"]
[Black "Maisuradze, Nino"]
[Result "0-1"]
[WhiteElo "2237"]
[BlackElo "2256"]
[PlyCount "90"]
[EventDate "2018.??.??"]

1. e4 c5 2. Nf3 Nc6 3. Bb5 d6 4. O-O Bd7 5. Re1 a6 6. Bc4 b5 7. Bf1 g6 8. c3
Bg4 9. a4 b4 10. d4 Bxf3 11. gxf3 cxd4 12. cxd4 Bg7 13. Be3 e5 14. d5 Nd4 15.
Nd2 Qh4 16. a5 Ne7 17. Qa4+ Kf8 18. Rac1 Bh6 19. Qxb4 Bxe3 20. fxe3 Nc2 21. Qb7
Nxe1 22. Qxa8+ Kg7 23. Qxa6 Nxf3+ 24. Nxf3 Qxe4 25. Kf2 Nxd5 26. Qe2 Ra8 27. a6
Rxa6 28. Rc4 Qb1 29. Qd2 Nf6 30. Bd3 Qa2 31. Qb4 e4 32. Ng5 exd3 33. Rc7 d2 34.
Qxd2 Rb6 35. Kg3 Nh5+ 36. Kh3 Qxb2 37. Rxf7+ Kh6 38. Qd5 Qe5 39. Qxe5 dxe5 40.
Kh4 Rb4+ 41. e4 Ng7 42. Re7 Nf5+ 43. Kg4 Nxe7 44. Nf7+ Kg7 45. Nxe5 Rxe4+ 0-1

[Event "ChFraFemininRapide2018"]
[Site "?"]
[Date "2018.06.09"]
[Round "5.2"]
[White "Leconte, Maria"]
[Black "Guichard, Pauline"]
[Result "0-1"]
[WhiteElo "2173"]
[BlackElo "2371"]
[PlyCount "74"]
[EventDate "2018.??.??"]

1. e4 e5 2. Nf3 Nc6 3. Nc3 g6 4. h4 Nf6 5. Bc4 h6 6. d3 d6 7. Nh2 Na5 8. Be3
Nxc4 9. dxc4 Be6 10. b3 c6 11. O-O Be7 12. f4 exf4 13. Bxf4 g5 14. Bg3 Rg8 15.
hxg5 Rxg5 16. Bh4 Rg6 17. Qf3 Qa5 18. Rae1 O-O-O 19. Ne2 Rdg8 20. Nf4 Bg4 21.
Qd3 R6g7 22. e5 dxe5 23. Bxf6 Bxf6 24. Nxg4 Rxg4 25. Qf5+ Kb8 26. Qxf6 exf4 27.
Re2 Qc5+ 28. Kh1 Qh5+ 29. Kg1 a6 30. Rxf4 R4g5 31. Rfe4 Ka7 32. Qd4+ c5 33. Qf2
Qh3 34. Kf1 Qh1+ 35. Qg1 Rf5+ 36. Rf2 Qh5 37. Ref4 Qd1# 0-1

[Event "ChFraFemininRapide2018"]
[Site "?"]
[Date "2018.06.09"]
[Round "5.3"]
[White "Navrotescu, Andreea"]
[Black "Dornbusch, Tatiana"]
[Result "1-0"]
[WhiteElo "2153"]
[BlackElo "2304"]
[PlyCount "77"]
[EventDate "2018.??.??"]

1. Nf3 Nf6 2. c4 g6 3. g3 Bg7 4. Bg2 d6 5. d4 O-O 6. O-O c5 7. Nc3 Nc6 8. dxc5
dxc5 9. Be3 Be6 10. Qa4 Qb6 11. Qb5 Nd7 12. Ng5 Nd4 13. Bxd4 cxd4 14. Nxe6 Qxe6
15. Nd5 Rab8 16. Qb4 Bf6 17. Nxf6+ Nxf6 18. Qc5 Qb6 19. Qxb6 axb6 20. Rad1 e5
21. h3 Rfc8 22. f4 Rc5 23. fxe5 Nd7 24. Rxd4 Nxe5 25. b3 b5 26. cxb5 Rxb5 27.
Rc1 Ra5 28. a4 b5 29. Rc5 f6 30. Rd6 Kg7 31. g4 Ra7 32. axb5 Ra1+ 33. Kf2 Rb1
34. g5 Nf7 35. Rd7 Kf8 36. gxf6 Rxb3 37. Rxf7+ Kxf7 38. Bd5+ Kxf6 39. Bxb3 1-0

[Event "ChFraFemininRapide2018"]
[Site "?"]
[Date "2018.06.09"]
[Round "5.4"]
[White "Collas, Silvia"]
[Black "Rollot, Florence"]
[Result "1-0"]
[WhiteElo "2290"]
[BlackElo "2016"]
[PlyCount "77"]
[EventDate "2018.??.??"]

1. d4 Nf6 2. Bf4 d6 3. Nc3 g6 4. e4 Bg7 5. Qd2 O-O 6. Bh6 Nbd7 7. h4 Ng4 8.
Bxg7 Kxg7 9. h5 e5 10. Nge2 exd4 11. Nxd4 Nde5 12. f3 Nf6 13. hxg6 fxg6 14.
O-O-O a6 15. Nd5 h5 16. g4 Nxd5 17. exd5 h4 18. g5 Nxf3 19. Nxf3 Rxf3 20. Qd4+
Kf7 21. Qxh4 Qg8 22. Bg2 Rf5 23. Rdf1 Qg7 24. Qh8 Qxh8 25. Rxh8 Kg7 26. Rfh1
Rxg5 27. R1h7+ Kf6 28. Rf8+ Ke5 29. Re7+ Kd4 30. Be4 b5 31. c3+ Ke3 32. Bf5+
Kf3 33. Bxc8+ Kg3 34. Re3+ Kh2 35. Rfe8 Rxd5 36. Re2+ Kg1 37. Re1+ Kf2 38.
R8e2+ Kg3 39. Bb7 1-0

[Event "ChFraFemininRapide2018"]
[Site "?"]
[Date "2018.06.10"]
[Round "6.1"]
[White "Maisuradze, Nino"]
[Black "Fruteau, Sabine"]
[Result "1-0"]
[WhiteElo "2256"]
[BlackElo "2250"]
[PlyCount "133"]
[EventDate "2018.??.??"]

1. d4 Nf6 2. c4 e6 3. Nc3 d5 4. cxd5 exd5 5. Bg5 Be7 6. e3 c6 7. Qc2 Nbd7 8.
Bd3 O-O 9. Nge2 h6 10. Bh4 Re8 11. O-O Ne4 12. Bxe7 Qxe7 13. Rae1 Ndf6 14. f3
Nxc3 15. Nxc3 b6 16. e4 Qb4 17. Qf2 Be6 18. e5 Nd7 19. a3 Qe7 20. f4 Nf8 21. f5
Bd7 22. f6 gxf6 23. Qg3+ Ng6 24. exf6 Qf8 25. Re5 Rxe5 26. dxe5 Be6 27. h4 Kh8
28. h5 Nxe5 29. Qxe5 Qc5+ 30. Kh1 Rg8 31. Qf4 Rg5 32. Be2 a5 33. Nd1 d4 34. Nf2
Qc2 35. Bf3 Bd5 36. Bxd5 Rxh5+ 37. Nh3 Rxd5 38. Qxh6+ Qh7 39. Qf8+ Qg8 40. Qh6+
Qh7 41. Qxh7+ Kxh7 42. Rd1 c5 43. Kg1 Rf5 44. Rf1 Re5 45. Nf4 c4 46. Kf2 d3 47.
Rh1+ Kg8 48. a4 b5 49. Rc1 Rf5 50. Ke3 Re5+ 51. Kd4 Rf5 52. Ke4 Rxf6 53. axb5
Rb6 54. Rxc4 Rxb5 55. Nxd3 Kg7 56. Rc5 Rb6 57. Rxa5 Re6+ 58. Re5 Rg6 59. Kf3
Rd6 60. Nf4 Rb6 61. Re2 Rb4 62. g3 Rb5 63. Nd3 Rb3 64. Ke3 Kg6 65. Rf2 f6 66.
Rf4 Kg7 67. Rb4 1-0

[Event "ChFraFemininRapide2018"]
[Site "?"]
[Date "2018.06.10"]
[Round "6.2"]
[White "Guichard, Pauline"]
[Black "Navrotescu, Andreea"]
[Result "1-0"]
[WhiteElo "2371"]
[BlackElo "2153"]
[PlyCount "55"]
[EventDate "2018.??.??"]

1. c4 e5 2. Nc3 Nf6 3. e4 Bb4 4. d3 O-O 5. Nf3 Re8 6. a3 Bxc3+ 7. bxc3 c6 8.
Bg5 h6 9. Bh4 d5 10. Nd2 g5 11. Bg3 dxe4 12. dxe4 Nbd7 13. h4 g4 14. h5 Qa5 15.
Qc2 Nc5 16. Rd1 Ne6 17. Nb3 Qc7 18. Bh4 Nxh5 19. g3 Nhg7 20. Qd2 h5 21. Qh6 f5
22. Bf6 Qf7 23. Bd3 f4 24. Bxe5 Nc5 25. Rxh5 Kf8 26. Bd6+ Re7 27. Qh8+ Qg8 28.
Bxe7+ 1-0

[Event "ChFraFemininRapide2018"]
[Site "?"]
[Date "2018.06.10"]
[Round "6.3"]
[White "Haussernot, Cecile"]
[Black "Collas, Silvia"]
[Result "1/2-1/2"]
[WhiteElo "2237"]
[BlackElo "2290"]
[PlyCount "85"]
[EventDate "2018.??.??"]

1. e4 e5 2. Nf3 Nc6 3. Bb5 d6 4. O-O Bd7 5. d4 exd4 6. Nxd4 Nxd4 7. Bxd7+ Qxd7
8. Qxd4 Ne7 9. Nc3 Nc6 10. Qd3 O-O-O 11. Nd5 Kb8 12. Be3 h6 13. b4 Ne7 14. Qd4
Nc8 15. c4 c6 16. Nc3 f5 17. Rfd1 Rg8 18. b5 g5 19. exf5 Qxf5 20. bxc6 bxc6 21.
Rab1+ Ka8 22. Nb5 Qh7 23. Qf6 Rd7 24. Qf3 d5 25. cxd5 g4 26. Qf6 Rg6 27. Qxf8
Rg8 28. Qc5 cxb5 29. Rxb5 Rc7 30. Qb4 Rb7 31. d6 Rd8 32. Qa5 Rxd6 33. Rc1 Qd7
34. Rxc8+ Qxc8 35. h3 Rd1+ 36. Kh2 Qb8+ 37. g3 Rxb5 38. Qa4 Rbb1 39. Qc6+ Qb7
40. Qe8+ Qb8 41. Qe4+ Qb7 42. Qe8+ Qb8 43. Qe4+ 1/2-1/2

[Event "ChFraFemininRapide2018"]
[Site "?"]
[Date "2018.06.10"]
[Round "6.4"]
[White "Belluire, Beatrice"]
[Black "Safranska, Anda"]
[Result "1-0"]
[WhiteElo "1814"]
[BlackElo "2205"]
[PlyCount "68"]
[EventDate "2018.??.??"]

1. e4 g6 2. d4 Bg7 3. Nc3 a6 4. Be3 d6 5. Qd2 b5 6. f3 Nd7 7. h4 h5 8. Nh3 Bb7
9. Ng5 c5 10. g3 cxd4 11. Bxd4 Ngf6 12. Bh3 O-O 13. O-O-O Ne5 14. Bxe5 dxe5 15.
Qxd8 Rfxd8 16. Rxd8+ Rxd8 17. Rd1 Rxd1+ 18. Kxd1 Kf8 19. Ke2 Ke8 20. Kd3 e6 21.
Ne2 Nd7 22. b3 Bf8 23. c4 Bc6 24. cxb5 Bxb5+ 25. Kd2 Bb4+ 26. Ke3 Be1 27. Bf1
a5 28. a4 Ba6 29. f4 exf4+ 30. Kxf4 Nc5 31. Ke5 Ke7 32. Nf3 Bb4 33. Kf4 Nxb3
34. Ne5 Bd6 1-0

[Event "ChFraFemininRapide2018"]
[Site "?"]
[Date "2018.06.10"]
[Round "7.1"]
[White "Safranska, Anda"]
[Black "Maisuradze, Nino"]
[Result "0-1"]
[WhiteElo "2205"]
[BlackElo "2256"]
[PlyCount "69"]
[EventDate "2018.??.??"]

1. e4 c5 2. g3 g6 3. Bg2 Bg7 4. f4 Nc6 5. Nf3 d6 6. d3 e5 7. c3 Nge7 8. O-O O-O
9. Be3 b6 10. Na3 Rb8 11. Nc2 d5 12. Nxe5 Nxe5 13. fxe5 dxe4 14. Bxe4 Bxe5 15.
d4 cxd4 16. Bxd4 Qc7 17. Qd3 Be6 18. Bxe5 Qxe5 19. Nd4 Bh3 20. Bg2 Bxg2 21.
Kxg2 Qd5+ 22. Qf3 f5 23. Rae1 Rfe8 24. a4 Qxf3+ 25. Kxf3 Kf7 26. g4 fxg4+ 27.
Kxg4+ Kg8 28. h4 Nd5 29. Kg5 Ne3 30. Rf3 Nc4 31. Rxe8+ Rxe8 32. b3 Nd6 33. Nc6
Kg7 34. Rd3 Re4 35. Rf3 0-1

[Event "ChFraFemininRapide2018"]
[Site "?"]
[Date "2018.06.10"]
[Round "7.2"]
[White "Collas, Silvia"]
[Black "Guichard, Pauline"]
[Result "1/2-1/2"]
[WhiteElo "2290"]
[BlackElo "2371"]
[PlyCount "126"]
[EventDate "2018.??.??"]

1. d4 d6 2. e4 Nf6 3. Nc3 e5 4. Nf3 Nbd7 5. Bc4 Be7 6. O-O O-O 7. a4 exd4 8.
Qxd4 Nc5 9. h3 a5 10. Rd1 Be6 11. Bf1 Nfd7 12. Nd5 Bf6 13. Nxf6+ Qxf6 14. Qxf6
Nxf6 15. e5 dxe5 16. Nxe5 Rfd8 17. Re1 Bf5 18. Be3 Ne6 19. c4 Nd7 20. Nxd7 Rxd7
21. Be2 Nd4 22. Bxd4 Rxd4 23. Bf3 c6 24. Re7 Rd7 25. Rxd7 Bxd7 26. Rd1 Be6 27.
c5 Kf8 28. Rd4 Ke7 29. b4 Rd8 30. Rxd8 Kxd8 31. bxa5 Bc4 32. Kh2 Kc7 33. Kg3
Kb8 34. Kf4 Ka7 35. Ke5 Ka6 36. Be4 h6 37. Bf5 Kxa5 38. Kd6 Kxa4 39. h4 Kb5 40.
Be4 h5 41. f3 Be6 42. g3 g6 43. Bd3+ Kb4 44. Be2 Bc4 45. Bd1 f5 46. g4 Bb3 47.
gxh5 gxh5 48. Bxb3 Kxb3 49. f4 Kc4 50. Ke5 Kxc5 51. Kxf5 b5 52. Ke6 b4 53. f5
b3 54. f6 b2 55. f7 b1=Q 56. f8=Q+ Kc4 57. Qf4+ Kc3 58. Qf3+ Kd4 59. Qf2+ Kc4
60. Qf4+ Kc3 61. Qf3+ Kd4 62. Qf2+ Kc4 63. Qf4+ Kc3 1/2-1/2

[Event "ChFraFemininRapide2018"]
[Site "?"]
[Date "2018.06.10"]
[Round "7.3"]
[White "Leconte, Maria"]
[Black "Haussernot, Cecile"]
[Result "0-1"]
[WhiteElo "2173"]
[BlackElo "2237"]
[PlyCount "80"]
[EventDate "2018.??.??"]

1. e4 c5 2. c3 d6 3. d4 Nf6 4. Bd3 e5 5. d5 Be7 6. Nd2 O-O 7. Ne2 Ne8 8. Ng3
Bg5 9. Nf3 Bxc1 10. Qxc1 Bd7 11. a4 Nc7 12. O-O b6 13. Nf5 Bxf5 14. exf5 Nd7
15. c4 Nf6 16. Bc2 Re8 17. Re1 Qd7 18. Ra3 Na6 19. Nh4 Nb4 20. Be4 Qe7 21. Rf3
a6 22. h3 Reb8 23. Rg3 Kh8 24. Qg5 Rg8 25. Nf3 Rab8 26. Qh4 b5 27. cxb5 axb5
28. axb5 Rxb5 29. Ng5 Qd7 30. Ra1 h6 31. Rga3 Rb7 32. Ra8 Ne8 33. Qh5 Qe7 34.
Rc8 Qxg5 35. Qe2 Nf6 36. Raa8 Rxc8 37. Rxc8+ Kh7 38. Bb1 Nbxd5 39. Ba2 Nf4 40.
Qf3 e4 0-1

[Event "ChFraFemininRapide2018"]
[Site "?"]
[Date "2018.06.10"]
[Round "7.4"]
[White "Guillaume, Ombeline"]
[Black "Dornbusch, Tatiana"]
[Result "0-1"]
[WhiteElo "1870"]
[BlackElo "2304"]
[PlyCount "42"]
[EventDate "2018.??.??"]

1. d4 Nf6 2. c4 c5 3. d5 b5 4. b3 g6 5. Bb2 bxc4 6. bxc4 Bg7 7. e3 O-O 8. Bd3
e6 9. Nf3 exd5 10. cxd5 Bb7 11. Bc4 Qb6 12. Qd2 Ne4 13. Qc2 Qxb2 14. Qxb2 Bxb2
15. O-O Bxa1 16. Na3 Bg7 17. Rb1 Ba6 18. Nb5 Nc3 19. Rb3 Nxb5 20. Bxb5 Bxb5 21.
Rxb5 Na6 0-1

[Event "ChFraFemininRapide2018"]
[Site "?"]
[Date "2018.06.10"]
[Round "8.1"]
[White "Guichard, Pauline"]
[Black "Maisuradze, Nino"]
[Result "1-0"]
[WhiteElo "2371"]
[BlackElo "2256"]
[PlyCount "81"]
[EventDate "2018.??.??"]

1. c4 c5 2. Nc3 Nc6 3. g3 g6 4. Bg2 Bg7 5. e4 d6 6. Nge2 e6 7. a3 Rb8 8. O-O a6
9. Rb1 b5 10. cxb5 axb5 11. b4 cxb4 12. axb4 Nge7 13. d4 O-O 14. Be3 Bd7 15.
Qd2 f5 16. Bh6 Qb6 17. Bxg7 Kxg7 18. d5 Ne5 19. dxe6 Bxe6 20. Nf4 Bf7 21. exf5
Nxf5 22. Ne4 Nc4 23. Qe2 Rbe8 24. Qg4 d5 25. Nc5 Nd2 26. Nd7 Qd6 27. Nxf8 Rxf8
28. Qe2 Nxb1 29. Rxb1 d4 30. Qxb5 Rb8 31. Qa5 d3 32. Rd1 d2 33. b5 Rd8 34. b6
Kg8 35. b7 Rb8 36. Qxd2 Qxd2 37. Rxd2 Kf8 38. Rd7 Ne7 39. Nd3 Ke8 40. Ne5 Be6
41. Rxe7+ 1-0

[Event "ChFraFemininRapide2018"]
[Site "?"]
[Date "2018.06.10"]
[Round "8.2"]
[White "Haussernot, Cecile"]
[Black "Navrotescu, Andreea"]
[Result "1-0"]
[WhiteElo "2237"]
[BlackElo "2153"]
[PlyCount "75"]
[EventDate "2018.??.??"]

1. e4 e6 2. d4 d5 3. Nc3 Bb4 4. Nge2 Nf6 5. e5 Nfd7 6. a3 Be7 7. Be3 c5 8. Qd2
Nc6 9. f4 a6 10. dxc5 Nxc5 11. Nd4 Bd7 12. Bd3 Nxd3+ 13. Qxd3 f5 14. O-O-O b5
15. Nxd5 exd5 16. e6 Nxd4 17. exd7+ Qxd7 18. Qxd4 O-O-O 19. Rd3 Bf6 20. Qb6 Qd6
21. Qa7 Qc6 22. Bb6 Rd7 23. Qxa6+ Kb8 24. Ba7+ Kc7 25. Qa5+ Kb7 26. Rb3 Ka8 27.
Bc5+ Kb8 28. Rxb5+ Rb7 29. Qa7+ Kc8 30. Qa8+ Kc7 31. Bd6+ Kxd6 32. Qxb7 Qxb7
33. Rxb7 Rc8 34. Rd1 Rc4 35. g3 h5 36. Rd3 Kc6 37. Rb8 h4 38. Rc8+ 1-0